000 01695cam a22002414a 4500
005 20250605163958.0
008 250528s ||||||||||||||||||||||||d
035 _a15540
020 _a71148906
040 _aGR-AtMCL
_bgre
_dGR-AtMCL
_eAACR2
245 1 _aManufacturing Planning and Control Systems / Fourth Edition
250 _a4th
260 _bIrwin Mcgraw-Hill,
_c1997
300 _a840
505 0 _aManufacturing Planning and Control, Material Requirements Planning, Just-in-Time, Capacity Planning, Production Activity Control, Master Production Scheduling, Production Planning, Demand Management, Integrated MPC Systems, Implementation of MPC Systems, Advanced Concepts in Material Requirements Planning, Advanced Concepts in Just-in-Time, Advanced Concepts in Scheduling, Advanced Concepts in Production Planning, Short-Term Forecasting Systems, Independent Demand Inventory Management, Distribution Requirements Planning, MPC Frontier, Index.
520 _aManufacturing Planning and Control, Material Requirements Planning, Just-in-Time, Capacity Planning, Production Activity Control, Master Production Scheduling, Production Planning, Demand Management, Integrated MPC Systems, Implementation of MPC Systems, Advanced Concepts in Material Requirements Planning, Advanced Concepts in Just-in-Time, Advanced Concepts in Scheduling, Advanced Concepts in Production Planning, Short-Term Forecasting Systems, Independent Demand Inventory Management, Distribution Requirements Planning, MPC Frontier, Index.
700 1 _aBerry William L.
_91493
700 1 _aVollmann Thomas E
_91494
700 1 _aWhybark Clay D
_91495
942 _cBK
999 _c1114
_d1114